000 00685nam a2200289Ia 4500
005 20260324121243.0
008 008 260324s9999 xx 000 0 eng d
020 _a9780429151996
037 _aEBOOK
040 _aCRL
040 _beng
040 _cCRL
041 _2eng
041 _aeng
084 _qCRL
100 _aIrina Rish; Genady Grabarnik
_91161796
245 0 _aSparse Modeling
245 0 _bTheory, Algorithms, and Applications
260 _bTaylor and Francis
260 _c2014
365 _a
365 _b170
856 _uhttp://www.taylorfrancis.com/books/9780429151996
942 _cEBOOK
999 _c1753785
_d1753785